| 000 | 01010cam a22003017a 4500 | ||
|---|---|---|---|
| 003 | CHAP | ||
| 005 | 20220329140553.0 | ||
| 008 | 971013s1982 r 10010 d | ||
| 010 | _a54107 | ||
| 011 | _a55079 | ||
| 035 | _a59231 | ||
| 040 | _cCHAP | ||
| 090 | _aFolleto 8268 | ||
| 111 | 0 | 0 |
_aSeminario Conjunto México-Francia sobre las Bases y Bancos de Datos ( _d1982 _c: México, D.F.) _9104005 |
| 245 | 0 | _aPonencias | |
| 260 |
_a(México, D.F.?) : _bCoordinación Generalde los Servicios Nacionales de Estadística , Geografía e Informática, _c1982 |
||
| 300 | _a59 p. | ||
| 490 | 0 | _aBoletín especial | |
| 590 |
_aBATCH-UPD _b10 _c20130110 _lUCH01 _h0802 |
||
| 590 |
_aBATCH-UPD _b10 _c20130410 _lUCH01 _h0440 |
||
| 590 |
_aBATCH-UPD _b10 _c20130914 _lUCH01 _h2019 |
||
| 590 |
_aCONVERSION _b10 _c20130109 _lUCH01 _h1329 |
||
| 650 | 1 | 4 |
_aServicios de información. _9105330 |
| 830 | 0 |
_aBoletín especial _913551 |
|
| 901 | _aBK | ||
| 942 | _cFOLL | ||
| 949 |
_aFolleto 8268 _bBC _cB _d-128126 _eB _i59231 _si |
||
| 999 |
_c54107 _d54107 |
||